Numerical methods for engineers and scientists : practical applications and methods using the IBM PC (Record no. 66655)

000 -LEADER
fixed length control field 00769pam a2200229 a 4500
001 - CONTROL NUMBER
control field 3906789
003 - CONTROL NUMBER IDENTIFIER
control field NUST - PNEC
005 - DATE AND TIME OF LATEST TRANSACTION
control field 20170116180959.0
008 - FIXED-LENGTH DATA ELEMENTS--GENERAL INFORMATION
fixed length control field 910920s1992 nyua b 001 0 eng
010 ## - LIBRARY OF CONGRESS CONTROL NUMBER
LC control number 91033120
020 ## - INTERNATIONAL STANDARD BOOK NUMBER
International Standard Book Number 0830602976
040 ## - CATALOGING SOURCE
Transcribing agency LIBRARY
082 00 - DEWEY DECIMAL CLASSIFICATION NUMBER
Classification number 519.402855265 WAL
100 1# - MAIN ENTRY--PERSONAL NAME
Personal name Walker, Robert D.
9 (RLIN) 9435
245 10 - TITLE STATEMENT
Title Numerical methods for engineers and scientists : practical applications and methods using the IBM PC
Statement of responsibility, etc. Robert D. Walker
250 ## - EDITION STATEMENT
Edition statement 1st ed.
260 ## - PUBLICATION, DISTRIBUTION, ETC.
Date of publication, distribution, etc. c1987
650 #0 - SUBJECT ADDED ENTRY--TOPICAL TERM
Topical term or geographic name entry element Numerical analysis.
General subdivision MIS, MS COM
906 ## - LOCAL DATA ELEMENT F, LDF (RLIN)
a 7
b cbc
c orignew
d 1
e ocip
f 19
g y-gencatlg
942 ## - ADDED ENTRY ELEMENTS (KOHA)
Source of classification or shelving scheme
Koha item type Book
Holdings
Withdrawn status Lost status Source of classification or shelving scheme Damaged status Not for loan Permanent Location Current Location Shelving location Date acquired Total Checkouts Full call number Barcode Date last seen Price effective from Koha item type
          Pakistan Navy Engineering College (PNEC) Pakistan Navy Engineering College (PNEC)       519.402855265 WAL PNECLIB-013509 09/12/2015   Book
© 2023 Central Library, National University of Sciences and Technology. All Rights Reserved.